Statystyki dla O jakim serialu mowa?

Kliknij tutaj aby rozwiązać quiz!

Ogólne statystyki

  • Ten quiz został rozwiązany 252 razy
  • Średni wynik to 11 z 20

Statystyki odpowiedzi

FabułaSerial% Poprawnych
Ośmioro zamaskowanych przestępców napada na hiszpańską mennicę narodową. Ich przedstawicielem jest tajemniczy Profesor, który prowadzi negocjacje z policją.Dom z papieru
93%
Władca Piekieł postanawia porzucić swoją funkcję i przenieść się do Los Angeles, gdzie zostaje właścicielem luksusowego klubu nocnego. Gdy dochodzi do zabójstwa wschodzącej gwiazdy muzyki pop, postanawia użyć swoich nadprzyrodzonych mocy, aby pomóc schwytać mordercę. Wkrótce rozpoczyna pracę w policji i stara się karać ludzi za zbrodnie.Lucyfer
87%
Nastoletni prawiczek Otis naśladuje swoją mamę, która jest seksuologiem, i wspólnie ze zbuntowaną Maeve zaczyna udzielać w szkole porad seksualnych.Sex Education
83%
W małym mieście znika chłopiec. Jego zaginięcie zapoczątkowuje serię tajemniczych zdarzeń, związanych z działaniem nadprzyrodzonych sił.Stranger Things
79%
Geralt, zmutowany łowca potworów, szuka swojego miejsca w świecie, gdzie ludzie często okazują się gorsi niż najstraszniejsze monstra.Wiedźmin
75%
Hannah Baker popełnia samobójstwo, a jej znajomy dostaje trzynaście nagrań magnetofonowych, na których dziewczyna nagrała powody odebrania sobie życia.Trzynaście powodów
74%
Las Encinas to najlepsza i najbardziej elitarna szkoła w Hiszpanii. To tam uczą się dzieci z wyższych sfer. Decyzją lokalnych władz trafia tam też trójka ubogich dzieciaków, których szkoła została zniszczona przez trzęsienie ziemi. Jednak może to wcale nie oznacza, że szczęście się do nich uśmiechnęło...Szkoła dla elity
73%
Nuklearna wojna niszczy cywilizację na planecie. Po wielu latach ze statku kosmicznego z ocalałymi ludźmi zostaje wysłana na Ziemię grupa stu nieletnich przestępców w celu kolonizacji.The 100
68%
Serial opowiada o czasie następującym po pandemicznej apokalipsie, po której świat opanowały zombie. Szeryf Rick Grimes podróżuje wraz z rodziną i z garstką ocalałych, w bezustannym poszukiwaniu bezpiecznego schronienia.The Walking Dead
67%
Młody naukowiec w wyniku eksplozji laboratorium i porażenia piorunem zostaje obdarzony niesamowitą szybkością, którą wykorzystuje do walki ze złem.The Flash
60%
Siedemnastoletni James twierdzi, że jest psychopatą. Jego zainteresowania są dość nietypowe: uwielbia mordować zwierzęta. Pewnego dnia jednak przestaje mu to sprawiać radość, więc postanawia zapolować na coś większego - człowieka. Los się do niego uśmiecha, kiedy poznaje AlyssęThe End of the F***ing World
52%
Doradca finansowy ucieka z rodziną z Chicago do Krainy Ozark w stanie Missouri, gdzie musi wyprać 500 milionów dolarów, by spłacić swój dług wobec bossa narkotykowego.Ozark
50%
Dobrze sytuowana mieszkanka Brooklynu ostaje skazana na karę piętnastu miesięcy pozbawienia wolności, na skutek związku z dilerką narkotyków Alex sprzed blisko dekady.Orange Is the New Black
43%
W spokojnym miasteczku ginie nastolatek z wpływowej rodziny. Grupa przyjaciół próbuje rozwiązać zagadkę morderstwa.Riverdale
41%
Dysfunkcyjna rodzina superbohaterów wspólnie próbuje rozwiązać tajemnicę śmierci ojca i zapobiec apokalipsie.The Umbrella Academy
35%
Sześć lat po tym, jak bezwzględny wirus spustoszył Skandynawię, brat i siostra dołączają do grupy młodych ocalałych w poszukiwaniu bezpieczeństwa oraz odpowiedzi.The Rain
34%
Serial opowiada o grupie nastolatków, którzy zostają w niewytłumaczalny sposób przeniesieni do miejsca identycznego jak ich rodzinne bogate miasteczko w Nowej Anglii, w którym jednak brakuje ich rodziców. Młodzi bohaterowie próbują odkryć, co się właściwie stało i jak mogą wrócić do domu, lecz by przetrwać, muszą ustanowić zasady i współpracować ze sobą.The Society
33%
Nastoletnia dziewczyna, w której żyłach płynie krew wiedźm i ludzi, próbuje łączyć życie zwykłej śmiertelniczki z rodzinną tradycją: przynależnością do Kościoła Nocy.Chilling Adventures of Sabrina
30%
Jest rok 1979. Dwóch agentów FBI zostaje wyznaczonych, aby przesłuchać osadzonych w więzieniu seryjnych morderców i wykorzystać pozyskaną wiedzę do zamknięcia nierozwiązanych spraw.Mindhunter
20%
Zdesperowana Ruth, początkująca aktorka, udaje się na casting do miejskiej siłowni. Szybko zdaje sobie sprawę, że nie jest to zwyczajne przesłuchanie.GLOW
3%

Rozkład punktacji

Percentyl według liczby udzielonych odpowiedzi

Procent ludzi z każdym wynikiem

Twoja historia wyników

Nie rozwiązałeś tego quizu